000 01013nam a2200241 a 4500
001 71737
003 BD-RjUL
005 20211209082144.0
008 830419s1947 xx a 000 0 eng
035 _a(BD-RjUL)71953
040 _aDLC
_cCarP
_dBD-RjUL
_beng
041 _aeng
082 _223
_a510.212
_bALS 1947
100 1 _aAllen, Edward Switzer,
_d1887- [from old catalog]
_9212237
245 1 0 _aSix-place tables :
_ba selection of tables of squares, cubes, square roots, cube roots, fifth roots and powers, circumferences and areas of circles, common logarithms of numbers and of the trigonometric functions, the natural trigonometric functions, natural logarithms, exponential and hyperbolic functions, and intergrals /
_cEdward Switzer Allen
250 _a7th ed.
260 _aLondon :
_bMcGraw-Hill book company, inc.,
_c1947.
300 _axxiii, 232 p. :
_bill. ;
_c18 cm.
650 0 _aMathematics
_vTables.
_9212238
650 0 _aLogarithms.
_9212239
942 _2ddc
_cBK
999 _c71737
_d71737